Match the Opera to the Composer 🎼 - Statistics

General Stats
  • This quiz has been taken 26 times
  • The average score is 12 of 17
Answer Stats
Hint Answer % Correct
The Magic Flute Mozart
96%
The Valkyrie Wagner
96%
Don Giovanni Mozart
88%
Madame Butterfly Puccini
88%
Carmen Bizet
83%
The Marriage of Figaro Mozart
83%
Aida Verdi
75%
La Bohème Puccini
71%
Turandot Puccini
67%
The Flying Dutchman Wagner
67%
Fidelio Beethoven
63%
La Traviata Verdi
63%
Tristan und Isolde Wagner
63%
Tosca Puccini
58%
The Barber of Seville Rossini
58%
Otello Verdi
50%
Rigoletto Verdi
50%
No matching quizzes found
Score Distribution
Percent of People with Each Score
Percentile by Number Answered
Your Score History
You have not taken this quiz